000 00239nam a2200097Ia 4500
001 760782
005 20250826165155.0
008 250824s9999 xx 000 0 und d
245 0 _aÖLÜM YOLCULUKLARI
_cMARK MORRIS
260 _bMARTI YAYINLARI
999 _c760782
_d760782